| 000 | 00439nam a2200157 a 4500 | ||
|---|---|---|---|
| 001 | 000035481 | ||
| 005 | 20200930074356.0 | ||
| 008 | 111101s2000 ag a 000 0 spa d | ||
| 020 | _a9501520862 | ||
| 040 |
_aDO-SdBNP _bspa _cBNPHU |
||
| 082 |
_axxxx _bxxxx |
||
| 100 | 1 |
_aGoleman, Daniel _961355 |
|
| 245 | 1 | 3 |
_aEl espĂritu creativo / _cDaniel Goleman. |
| 260 |
_aBarcelona, : _bJavier Vergara, _c2000. |
||
| 300 |
_a215 p. : _bil. ; _c24 cm. |
||
| 999 |
_c34972 _d34972 |
||